Emissions impossible (Record no. 79536)

MARC details
000 -LEADER
fixed length control field 01281cab a22002175a 4500
001 - CONTROL NUMBER
control field L141596
008 - FIXED-LENGTH DATA ELEMENTS--GENERAL INFORMATION
fixed length control field 071204e20071109xxk f 000 0 eng d
035 ## - SYSTEM CONTROL NUMBER
System control number (Sirsi) u141596
041 0# - LANGUAGE CODE
Language code of text/sound track or separate title eng
100 1# - MAIN ENTRY--PERSONAL NAME
Personal name Gibson, Mike
245 00 - TITLE STATEMENT
Title Emissions impossible
260 ## - PUBLICATION, DISTRIBUTION, ETC.
Date of publication, distribution, etc. 2007
490 ## - SERIES STATEMENT
Series statement Planning
Volume/sequential designation (1744) 9 November 2007, 16-17(2)
520 ## - SUMMARY, ETC.
Summary, etc. Reports on a proposed scheme for controlling emissions from existing homes. Responses to the imminent planning policy statement on climate change show consensus on its aim of zero carbon new housing, but mixed views on how to achieve this. Energy efficiency specialists Eaga are conducting research to develop balanced trading. This proposes using s106 or tariffs on new housing to fund investment in energy installations and updating of existing stock. The investment would be based on carbon emitted by new developments. Suggestions are that each new build could fund three insulations. Considers the implications for planning gain policy.
590 ## - LOCAL NOTE (RLIN)
Local note KA
650 24 - SUBJECT ADDED ENTRY--TOPICAL TERM
Topical term or geographic name entry element TOWN AND COUNTRY PLANNING ACT 1990 S106
651 #4 - SUBJECT ADDED ENTRY--GEOGRAPHIC NAME
Geographic name United Kingdom
Chronological subdivision
690 ## - LOCAL SUBJECT ADDED ENTRY--TOPICAL TERM (OCLC, RLIN)
Topical term or geographic name as entry element ENVIRONMENTAL AND LAND CONSULTANCY-ENERGY-ENERGY USE-ENERGY EFFICIENCY
690 ## - LOCAL SUBJECT ADDED ENTRY--TOPICAL TERM (OCLC, RLIN)
Topical term or geographic name as entry element PROPERTY-RESIDENTIAL PROPERTY-DOMESTIC RESIDENTIAL PROPERTY-HOUSING
942 ## - ADDED ENTRY ELEMENTS (KOHA)
Suppress in OPAC 0
Holdings
Withdrawn status Lost status Source of classification or shelving scheme Damaged status Not for loan Home library Current library Shelving location Date acquired Total Checkouts Full call number Barcode Date last seen Copy number Price effective from Koha item type
    Dewey Decimal Classification     London London Journal article 04/12/2007   L141596 141596-1001 06/08/2019 1 06/08/2019 Journal article